Statistics for French Monarchs 843-1870

Click here to take the quiz!

General Stats

  • This quiz has been taken 133 times
  • The average score is 35 of 50

Answer Stats

House or DynastyReignAnswer% Correct
Carolingian877-879Louis II
90%
Carolingian879-882Louis III
88%
Carolingian843-877Charles II
87%
Carolingian936-954Louis IV
87%
Carolingian986-987Louis V
87%
Capet1108-1137Louis VI
87%
Capet1137-1180Louis VII
87%
Capet1223-1226Louis VIII
87%
Capet1314-1316Louis X
87%
Valois1461-1483Louis XI
87%
Carolingian898-922Charles III
85%
Capet1226-1270Louis IX
85%
Valois1498-1515Louis XII
85%
Bourbon1610-1643Louis XIII
83%
Bourbon1715-1774Louis XV
83%
Capet1322-1328Charles IV
81%
Capet1031-1060Henry I
81%
Valois1547-1559Henry II
81%
Bourbon1643-1715Louis XIV
81%
Bourbon1774-1792Louis XVI
81%
Bonaparte1804-1814 & 1815Napoleon
81%
Valois1364-1380Charles V
79%
Valois1380-1422Charles VI
77%
Valois1574-1589Henry III
77%
Bourbon1814-1815 & 1815-1824Louis XVIII
77%
Bonaparte1852-1870Napoleon III
77%
Valois1422-1461Charles VII
75%
Valois1483-1498Charles VIII
75%
Bourbon1824-1830Charles X
75%
Bourbon1589-1610Henry IV
75%
Valois1560-1574Charles IX
73%
Valois1515-1547Francis I
65%
Capet1060-1108Philip I
65%
Orleans1830-1848Louis Philippe
63%
Capet1180-1223Philip II
63%
Valois1559-1560Francis II
62%
Robertian922-923Robert I
60%
Capet1270-1285Philip III
58%
Capet1285-1314Philip IV
56%
Capet996-1031Robert II
56%
Capet987-996Hugh Capet
54%
Capet1316John I
54%
Valois1350-1364John II
52%
Capet1316-1322Philip V
52%
Valois1328-1350Philip VI
48%
Robertian888-898Odo of Paris
40%
Bosonid923-936Rudolph
31%
Carolingian882-884Carloman II
29%
Carolingian954-986Lothair
27%
Carolingian885-888Charles the Fat
17%

Score Distribution

Percentile by Number Answered

Percent of People with Each Score

Your Score History

You have not taken this quiz